[Event "Oasis op"]
[Site "Montreal CAN"]
[Date "2011.02.26"]
[Round "2"]
[White "Lalumiere, Claude"]
[Black "Morin, Louis"]
[Result "1/2-1/2"]
[WhiteElo "1985"]
[BlackElo "1903"]
[PlyCount "103"]
[GameId "2160767909795775"]
[EventDate "2011.02.25"]
[EventType "swiss"]
[EventRounds "5"]
[EventCountry "CAN"]
[SourceTitle "EXT 2013"]
[Source "ChessBase"]
[SourceDate "2012.11.22"]
[SourceVersion "1"]
[SourceVersionDate "2012.11.22"]
[SourceQuality "1"]

1. e4 e5 2. f4 exf4 3. Nf3 h6 4. Bc4 d6 5. d4 g5 6. O-O Bg7 7. Nc3 Ne7 8. Ne2 O-O 9. g3 fxg3 10. Nxg3 Bg4 11. Qd3 Nbc6 12. c3 Qd7 13. Bb5 a6 14. Ba4 Bh3 15. Rf2 b5 16. Bc2 Ng6 17. Nf5 Nce7 18. Bxg5 Nxf5 19. exf5 Bxf5 20. Qxf5 Qxf5 21. Bxf5 hxg5 22. Nxg5 Bh6 23. Nxf7 Kxf7 24. Be4+ Nf4 25. Bxa8 Rxa8 26. Raf1 Rg8+ 27. Kh1 Rg4 28. h3 Rh4 29. Rf3 Kg6 30. Kh2 Kh5 31. Rg1 Bg5 32. Rfg3 Kh6 33. Rf1 d5 34. Re1 c6 35. Re8 Nh5 36. Rf3 Re4 37. Rh8+ Kg6 38. Rg8+ Ng7 39. Rf2 Rf4 40. Rg2 Rf7 41. Rc8 Kf5 42. Rxc6 Bf4+ 43. Kh1 Re7 44. Rf2 Nh5 45. Rc8 Rg7 46. Rg2 Ng3+ 47. Kg1 Be3+ 48. Kh2 Nf1+ 49. Kh1 Ng3+ 50. Kh2 Nf1+ 51. Kh1 Ng3+ 52. Kh2 1/2-1/2

[Event "Oasis op"]
[Site "Montreal CAN"]
[Date "2011.02.26"]
[Round "2"]
[White "Voloaca, Mihnea"]
[Black "Lepine, Cedric"]
[Result "1-0"]
[WhiteElo "2325"]
[BlackElo "1957"]
[PlyCount "73"]
[GameId "2160767909795777"]
[EventDate "2011.02.25"]
[EventType "swiss"]
[EventRounds "5"]
[EventCountry "CAN"]
[SourceTitle "EXT 2013"]
[Source "ChessBase"]
[SourceDate "2012.11.22"]
[SourceVersion "1"]
[SourceVersionDate "2012.11.22"]
[SourceQuality "1"]

1. d4 Nf6 2. c4 g6 3. Nc3 d5 4. Nf3 Bg7 5. Qb3 c6 6. Bf4 O-O 7. e3 dxc4 8. Bxc4 b5 9. Be2 Be6 10. Qc2 Nbd7 11. O-O Nb6 12. Rfd1 Nh5 13. Bg5 f5 14. Ne5 Bxe5 15. dxe5 Qe8 16. Bxh5 gxh5 17. Bh6 Qg6 18. Bxf8 Rxf8 19. Ne2 Qg7 20. Qxc6 Qxe5 21. Qc3 Qxc3 22. Nxc3 b4 23. Nb5 Bd7 24. Nc7 Rf6 25. Na6 Bc6 26. Nxb4 Bb7 27. Rd8+ Kf7 28. Nd3 h4 29. Kf1 h3 30. g3 Be4 31. f3 Bxd3+ 32. Rxd3 e5 33. Rd7+ Kg6 34. Rd8 f4 35. gxf4 exf4 36. e4 h6 37. Rg8+ 1-0

[Event "Oasis op"]
[Site "Montreal CAN"]
[Date "2011.02.26"]
[Round "3"]
[White "Dumont, Felix"]
[Black "Dominique, Vladimir"]
[Result "1-0"]
[WhiteElo "1998"]
[BlackElo "1819"]
[PlyCount "51"]
[GameId "2160767909795779"]
[EventDate "2011.02.25"]
[EventType "swiss"]
[EventRounds "5"]
[EventCountry "CAN"]
[SourceTitle "EXT 2013"]
[Source "ChessBase"]
[SourceDate "2012.11.22"]
[SourceVersion "1"]
[SourceVersionDate "2012.11.22"]
[SourceQuality "1"]

1. e4 c5 2. Nf3 d6 3. d4 cxd4 4. Nxd4 Nf6 5. Nc3 a6 6. Bg5 e6 7. f4 Qc7 8. Qf3 Nbd7 9. O-O-O b5 10. g4 Bb7 11. Bxf6 gxf6 12. a3 Rc8 13. Rg1 Nb6 14. g5 Nc4 15. Bxc4 Qxc4 16. gxf6 d5 17. Nxe6 fxe6 18. exd5 Bxd5 19. f7+ Kd8 20. Rg8 Kc7 21. Nxd5+ exd5 22. Rxh8 Kd6 23. Qf2 Qa2 24. Qb6+ Rc6 25. Qd8+ Ke6 26. Re1+ 1-0

[Event "Oasis op"]
[Site "Montreal CAN"]
[Date "2011.02.26"]
[Round "3"]
[White "Forget, David"]
[Black "Gagnon, Serge"]
[Result "1/2-1/2"]
[WhiteElo "1911"]
[BlackElo "2061"]
[PlyCount "122"]
[GameId "2160767909795780"]
[EventDate "2011.02.25"]
[EventType "swiss"]
[EventRounds "5"]
[EventCountry "CAN"]
[SourceTitle "EXT 2013"]
[Source "ChessBase"]
[SourceDate "2012.11.22"]
[SourceVersion "1"]
[SourceVersionDate "2012.11.22"]
[SourceQuality "1"]

1. d4 g6 2. c4 Bg7 3. Nc3 e5 4. d5 f5 5. e4 f4 6. Nf3 d6 7. b4 a5 8. b5 Nd7 9. Be2 Nh6 10. Ba3 b6 11. Qc2 Nf7 12. g4 h5 13. gxh5 Rxh5 14. h4 Rh6 15. O-O-O Bf6 16. Rdg1 Nf8 17. h5 gxh5 18. Qd1 Bg4 19. Ne1 Qc8 20. Rg2 Bxe2 21. Qxe2 h4 22. Nf3 Qd7 23. Nh2 Qh3 24. f3 Rg6 25. Rhg1 Rxg2 26. Rxg2 Nh6 27. Nd1 Kf7 28. Qf1 Qd7 29. Nf2 Ng6 30. Nhg4 Nxg4 31. Nxg4 Rh8 32. Qg1 Nf8 33. Nxf6 Kxf6 34. Rg5 Qh7 35. Rf5+ Ke7 36. Rxe5+ Kd8 37. Qg5+ Kd7 38. Qg4+ Kd8 39. Rg5 Qd7 40. Qxf4 Nh7 41. Rh5 Qg7 42. Qxh4+ Ke8 43. Bb2 Qg1+ 44. Kd2 Qg2+ 45. Kc1 Qf1+ 46. Kd2 Rg8 47. Rxh7 Qg2+ 48. Ke3 Qg1+ 49. Qf2 Qg5+ 50. f4 Qg6 51. Rh8 Rxh8 52. Bxh8 Qg4 53. f5 Qh3+ 54. Qf3 Qxh8 55. f6 Kf7 56. Qf5 Qh6+ 57. Kf3 Qh1+ 58. Kf2 Qh2+ 59. Kf1 Qh1+ 60. Kf2 Qh2+ 61. Ke3 Qg3+ 1/2-1/2

[Event "Oasis op"]
[Site "Montreal CAN"]
[Date "2011.02.26"]
[Round "3"]
[White "He, Shao Hang"]
[Black "Desjardins, Michel"]
[Result "1-0"]
[WhiteElo "1579"]
[BlackElo "1935"]
[PlyCount "89"]
[GameId "2160767909795782"]
[EventDate "2011.02.25"]
[EventType "swiss"]
[EventRounds "5"]
[EventCountry "CAN"]
[SourceTitle "EXT 2013"]
[Source "ChessBase"]
[SourceDate "2012.11.22"]
[SourceVersion "1"]
[SourceVersionDate "2012.11.22"]
[SourceQuality "1"]

1. d4 d5 2. c4 c6 3. e3 Bf5 4. Nf3 e6 5. Nc3 Bd6 6. Bd3 Bxd3 7. Qxd3 Nf6 8. O-O Nbd7 9. a3 O-O 10. c5 Bc7 11. b4 a6 12. Bb2 e5 13. dxe5 Nxe5 14. Nxe5 Bxe5 15. Qc2 Re8 16. Ne2 Qc7 17. Bxe5 Rxe5 18. Nd4 Rh5 19. Nf3 Ne4 20. h3 Re8 21. Rfd1 Re6 22. Rd4 Rg6 23. Kf1 Rf6 24. a4 g5 25. Ra2 Qe7 26. Rb2 Re6 27. Qb3 f5 28. Nd2 Nf6 29. Qc2 f4 30. e4 Nxe4 31. Nxe4 Rxe4 32. Rxe4 dxe4 33. Qd1 Rh6 34. Rd2 Rf6 35. Rd7 Qe6 36. Rxb7 e3 37. Qd8+ Rf8 38. Qxg5+ Qg6 39. Qxg6+ hxg6 40. Rb6 Rd8 41. fxe3 fxe3 42. Rxc6 a5 43. b5 Rd4 44. b6 Rb4 45. Rxg6+ 1-0

[Event "Oasis op"]
[Site "Montreal CAN"]
[Date "2011.02.26"]
[Round "3"]
[White "Jiang, Louie"]
[Black "Voloaca, Mihnea"]
[Result "1-0"]
[WhiteElo "2340"]
[BlackElo "2325"]
[PlyCount "89"]
[GameId "2160767909795783"]
[EventDate "2011.02.25"]
[EventType "swiss"]
[EventRounds "5"]
[EventCountry "CAN"]
[SourceTitle "EXT 2013"]
[Source "ChessBase"]
[SourceDate "2012.11.22"]
[SourceVersion "1"]
[SourceVersionDate "2012.11.22"]
[SourceQuality "1"]

1. e4 c5 2. Nf3 d6 3. d4 Nf6 4. Nc3 cxd4 5. Nxd4 a6 6. Qf3 e6 7. b3 Nc6 8. Nxc6 bxc6 9. Bb2 e5 10. Be2 Be7 11. O-O O-O 12. Qg3 Nd7 13. Rad1 Nc5 14. Bg4 Ne6 15. Bxe6 Bxe6 16. Ne2 Qa5 17. Kh1 f6 18. c4 Rab8 19. Qc3 Qxc3 20. Bxc3 Rb7 21. Rd2 Rd7 22. Rfd1 Rb8 23. Kg1 g6 24. Kf1 Kf7 25. f4 exf4 26. Nxf4 Bg4 27. Re1 Ra7 28. h3 Bc8 29. Ba5 h5 30. Kf2 h4 31. Red1 f5 32. exf5 Bxf5 33. Ne2 Rd7 34. Nd4 Bg5 35. Re2 Rc8 36. Bc3 Bf4 37. Kf3 Bg3 38. Be1 Bxe1 39. Nxf5 Bb4 40. Nxh4 a5 41. Kg4 a4 42. Nf3 Kf6 43. Rf1 Kg7 44. Re6 d5 45. cxd5 1-0

[Event "Oasis op"]
[Site "Montreal CAN"]
[Date "2011.02.26"]
[Round "3"]
[White "Lalumiere, Claude"]
[Black "Bouchard, Jean-Marc"]
[Result "0-1"]
[WhiteElo "1985"]
[BlackElo "1903"]
[PlyCount "118"]
[GameId "2160767909795784"]
[EventDate "2011.02.25"]
[EventType "swiss"]
[EventRounds "5"]
[EventCountry "CAN"]
[SourceTitle "EXT 2013"]
[Source "ChessBase"]
[SourceDate "2012.11.22"]
[SourceVersion "1"]
[SourceVersionDate "2012.11.22"]
[SourceQuality "1"]

1. e4 e6 2. b3 d5 3. exd5 exd5 4. Bb2 Nf6 5. Nf3 Be7 6. Be2 O-O 7. O-O h6 8. d3 c5 9. Nbd2 Nc6 10. Re1 d4 11. Nf1 Nd5 12. Ng3 Nf4 13. Bf1 Be6 14. Bc1 Ng6 15. Bd2 Qd7 16. Qc1 Kh7 17. Nh5 Rh8 18. h3 Bd5 19. Nh2 f5 20. Be2 Raf8 21. Ng3 Bd6 22. Nhf1 Nh4 23. f3 Ne5 24. Kf2 Neg6 25. Nh1 f4 26. Nh2 Nf5 27. Kg1 Ne3 28. Bf1 Rf5 29. Re2 Rhf8 30. Nf2 Nh4 31. Ne4 Rh5 32. Ng4 Nhf5 33. Be1 Nxf1 34. Kxf1 Ne3+ 35. Kg1 Bxe4 36. dxe4 Rg5 37. Bh4 Rg6 38. Kh1 h5 39. Nh2 Be5 40. Rb1 b5 41. Be1 Rff6 42. Rd2 Ra6 43. a3 Rg5 44. Bh4 Rxg2 45. Rxg2 Nxg2 46. Kxg2 Rg6+ 47. Ng4 hxg4 48. hxg4 Rxg4+ 49. fxg4 Qxg4+ 50. Kf1 Qxh4 51. Qd1 Qh1+ 52. Kf2 Qh2+ 53. Kf1 Qh3+ 54. Kf2 Qg3+ 55. Kf1 f3 56. Qd2 Qh3+ 57. Kg1 Qg3+ 58. Kf1 Bf4 59. Qf2 Qh3+ 0-1

[Event "Oasis op"]
[Site "Montreal CAN"]
[Date "2011.02.26"]
[Round "3"]
[White "Lemieux, Serge"]
[Black "Plante, Michel"]
[Result "0-1"]
[WhiteElo "1554"]
[BlackElo "2128"]
[PlyCount "106"]
[GameId "2160767909795785"]
[EventDate "2011.02.25"]
[EventType "swiss"]
[EventRounds "5"]
[EventCountry "CAN"]
[SourceTitle "EXT 2013"]
[Source "ChessBase"]
[SourceDate "2012.11.22"]
[SourceVersion "1"]
[SourceVersionDate "2012.11.22"]
[SourceQuality "1"]

1. d4 d6 2. c4 e5 3. d5 g6 4. Nc3 Nd7 5. e4 a5 6. Nf3 Nc5 7. Be3 Qe7 8. Bxc5 dxc5 9. Qd2 Bd7 10. Be2 Bh6 11. Qc2 Nf6 12. Nd2 O-O 13. O-O Ne8 14. Bd3 Nd6 15. Rfe1 b6 16. Re2 Rae8 17. Rae1 Qf6 18. Nd1 Qg7 19. Ne3 f5 20. f3 Bxe3+ 21. Rxe3 f4 22. R3e2 g5 23. Rf2 Rf6 24. g4 fxg3 25. hxg3 Ref8 26. Ref1 Bh3 27. Re1 R6f7 28. Bf1 Bc8 29. Bg2 Kh8 30. Nf1 h5 31. Nh2 g4 32. Re3 Qg5 33. f4 exf4 34. Qc3+ Kg8 35. gxf4 Rxf4 36. Rxf4 Qxf4 37. Nf3 Nxc4 38. Rd3 Ba6 39. e5 gxf3 40. Rxf3 Qd4+ 41. Qxd4 cxd4 42. Rg3+ Kf7 43. e6+ Kf6 44. Rf3+ Ke7 45. Rg3 Ne5 46. Rg7+ Kd6 47. e7 Re8 48. Rh7 Be2 49. Rh6+ Kxe7 50. Bh3 Bg4 51. Bg2 Rf8 52. Be4 d3 53. Rh7+ Kd8 0-1

[Event "Oasis op"]
[Site "Montreal CAN"]
[Date "2011.02.26"]
[Round "3"]
[White "Lepine, Cedric"]
[Black "Chang, Michael"]
[Result "1-0"]
[WhiteElo "1957"]
[BlackElo "1604"]
[PlyCount "93"]
[GameId "2160767909795786"]
[EventDate "2011.02.25"]
[EventType "swiss"]
[EventRounds "5"]
[EventCountry "CAN"]
[SourceTitle "EXT 2013"]
[Source "ChessBase"]
[SourceDate "2012.11.22"]
[SourceVersion "1"]
[SourceVersionDate "2012.11.22"]
[SourceQuality "1"]

1. d4 Nf6 2. c4 g6 3. Nc3 Bg7 4. e4 d6 5. f4 O-O 6. Nf3 c5 7. d5 e6 8. Be2 exd5 9. cxd5 Re8 10. Nd2 a6 11. a4 Re7 12. O-O Ne8 13. Bf3 f5 14. Re1 Ra7 15. Nc4 fxe4 16. Bxe4 Nf6 17. Bd2 Rf7 18. Qb3 Nh5 19. Qb6 Qxb6 20. Nxb6 Rf8 21. Bf3 Bd4+ 22. Kh1 Ng7 23. Be3 Nf5 24. Bxd4 Nxd4 25. Re7 Bf5 26. Be4 Rd8 27. Re1 Nd7 28. Nxd7 Rxd7 29. Bxf5 Rxe7 30. Rxe7 Nxf5 31. Rd7 Ra8 32. Ne4 Rf8 33. Rxb7 Ne3 34. g3 Nxd5 35. Nxd6 Rd8 36. Nf7 Re8 37. Ne5 g5 38. Rd7 Nb6 39. Rc7 Nxa4 40. b3 gxf4 41. gxf4 Nc3 42. Rxc5 Ne2 43. f5 Rf8 44. Ng4 Nd4 45. f6 Nxb3 46. Nh6+ Kh8 47. Rg5 1-0

[Event "Oasis op"]
[Site "Montreal CAN"]
[Date "2011.02.26"]
[Round "3"]
[White "Libersan, Thierry"]
[Black "Turcotte, Jonathan"]
[Result "1-0"]
[WhiteElo "2113"]
[BlackElo "1943"]
[PlyCount "73"]
[GameId "2160767909795787"]
[EventDate "2011.02.25"]
[EventType "swiss"]
[EventRounds "5"]
[EventCountry "CAN"]
[SourceTitle "EXT 2013"]
[Source "ChessBase"]
[SourceDate "2012.11.22"]
[SourceVersion "1"]
[SourceVersionDate "2012.11.22"]
[SourceQuality "1"]

1. e4 e5 2. Nf3 Nc6 3. Bb5 a6 4. Ba4 Nf6 5. O-O Be7 6. Re1 b5 7. Bb3 d6 8. c3 O-O 9. h3 Nb8 10. d4 Nbd7 11. Nbd2 Bb7 12. Bc2 Re8 13. Nf1 Bf8 14. Ng3 g6 15. a4 Bg7 16. Nh2 d5 17. f3 c5 18. dxe5 Nxe5 19. f4 Nc4 20. e5 Nd7 21. b3 Na5 22. Nf3 Qc7 23. Bd2 Qb6 24. Be3 f6 25. f5 fxe5 26. fxg6 hxg6 27. Ng5 d4 28. N3e4 Rad8 29. Bd2 c4 30. Qg4 Nxb3 31. Bxb3 cxb3 32. Rf1 dxc3+ 33. Kh2 cxd2 34. Qh4 Nf8 35. Rxf8+ Kxf8 36. Rf1+ Bf6 37. Qh8+ 1-0

[Event "Oasis op"]
[Site "Montreal CAN"]
[Date "2011.02.26"]
[Round "3"]
[White "Morin, Louis"]
[Black "Giroux, Robert"]
[Result "0-1"]
[WhiteElo "1903"]
[BlackElo "1981"]
[PlyCount "97"]
[GameId "2160767909795788"]
[EventDate "2011.02.25"]
[EventType "swiss"]
[EventRounds "5"]
[EventCountry "CAN"]
[SourceTitle "EXT 2013"]
[Source "ChessBase"]
[SourceDate "2012.11.22"]
[SourceVersion "1"]
[SourceVersionDate "2012.11.22"]
[SourceQuality "1"]

1. e4 e5 2. Nf3 Nc6 3. Bc4 Nf6 4. Ng5 d5 5. exd5 Na5 6. Bb5+ c6 7. dxc6 bxc6 8. Qf3 Rb8 9. Bxc6+ Nxc6 10. Qxc6+ Nd7 11. d3 Be7 12. Nf3 Bb7 13. Qa4 O-O 14. Nbd2 f5 15. O-O Nc5 16. Qa3 Bxf3 17. Nxf3 Nb3 18. Qxb3+ Rxb3 19. axb3 e4 20. Ne1 Bc5 21. b4 Bb6 22. c4 Qb8 23. g3 Bc7 24. Be3 Bb6 25. Bf4 Qb7 26. c5 Bc7 27. c6 Qb8 28. Be3 Bb6 29. Bf4 Qd8 30. dxe4 fxe4 31. Ng2 Qf6 32. Ne3 Qxc6 33. Rac1 Qe6 34. Rfd1 h6 35. Rd6 Qf7 36. Nd5 Bd4 37. Rc7 Qh5 38. Ne7+ Kh7 39. Rxd4 Rxf4 40. gxf4 Qg4+ 41. Kf1 Qxf4 42. Rdd7 e3 43. Rc2 Qxh2 44. Rdc7 exf2 45. Ke2 Qg2 46. Ke3 Qg1 47. Rxf2 Qg3+ 48. Rf3 Qxc7 49. Rf7 0-1

[Event "Oasis op"]
[Site "Montreal CAN"]
[Date "2011.02.26"]
[Round "3"]
[White "Wu, Qiyou"]
[Black "Brucker, Buck"]
[Result "1/2-1/2"]
[WhiteElo "1881"]
[BlackElo "2158"]
[PlyCount "78"]
[GameId "2160767909795790"]
[EventDate "2011.02.25"]
[EventType "swiss"]
[EventRounds "5"]
[EventCountry "CAN"]
[SourceTitle "EXT 2013"]
[Source "ChessBase"]
[SourceDate "2012.11.22"]
[SourceVersion "1"]
[SourceVersionDate "2012.11.22"]
[SourceQuality "1"]

1. e4 c5 2. Nf3 d6 3. Bb5+ Bd7 4. Bxd7+ Qxd7 5. c4 Nc6 6. d4 cxd4 7. Nxd4 Nf6 8. Nc3 g6 9. f3 Bg7 10. Be3 Rc8 11. b3 O-O 12. O-O Rfd8 13. Rc1 e6 14. Nde2 d5 15. cxd5 exd5 16. exd5 Nxd5 17. Nxd5 Qxd5 18. Qxd5 Rxd5 19. Nf4 Rd7 20. Rc2 Re8 21. Bf2 Bd4 22. Rfc1 Rde7 23. Bxd4 Nxd4 24. Rc8 Ne2+ 25. Nxe2 Rxe2 26. Rxe8+ Rxe8 27. Rc7 Re2 28. a4 b6 29. b4 Ra2 30. Rxa7 b5 31. a5 Rb2 32. Rb7 Rxb4 33. a6 Ra4 34. a7 Kg7 35. Kf1 Ra2 36. Ke1 b4 37. Kd1 b3 38. Kc1 g5 39. g3 Kg6 1/2-1/2

[Event "Oasis op"]
[Site "Montreal CAN"]
[Date "2011.02.26"]
[Round "3"]
[White "Zhu, Hong Rui"]
[Black "Cote-Lalumiere, Tristan"]
[Result "1-0"]
[WhiteElo "2042"]
[BlackElo "1851"]
[PlyCount "145"]
[GameId "2160767909795792"]
[EventDate "2011.02.25"]
[EventType "swiss"]
[EventRounds "5"]
[EventCountry "CAN"]
[SourceTitle "EXT 2013"]
[Source "ChessBase"]
[SourceDate "2012.11.22"]
[SourceVersion "1"]
[SourceVersionDate "2012.11.22"]
[SourceQuality "1"]

1. e4 c5 2. Nf3 d6 3. d4 cxd4 4. Nxd4 Nf6 5. Nc3 Nc6 6. Be3 Ng4 7. Bb5 Nxe3 8. Nxc6 bxc6 9. Bxc6+ Bd7 10. Bxd7+ Qxd7 11. fxe3 g6 12. Qd4 Rg8 13. O-O Rb8 14. Rab1 Bg7 15. Qd3 e6 16. b3 Ke7 17. Ne2 Rgc8 18. c4 Rc7 19. Nd4 a6 20. Rbd1 Rb6 21. Nf3 h6 22. Rd2 Rc5 23. Nd4 Rc8 24. Rdf2 Rf8 25. Nf3 Qc7 26. Nd2 Qc5 27. Nf3 Qc7 28. Rd1 Rd8 29. Qf1 Rf8 30. Rfd2 Qc5 31. Rd3 Rd8 32. Qe1 Rbb8 33. Qh4+ Kf8 34. Qf4 Ke7 35. Kh1 a5 36. h3 Qc7 37. Qh4+ Ke8 38. Nd4 Qc5 39. Nb5 Rb6 40. Qf4 Ke7 41. Rf1 Rf8 42. Qh4+ g5 43. Qe1 Ra6 44. Qd1 Rb6 45. Qd2 Ra6 46. Qf2 Be5 47. Qf3 Rb6 48. Qh5 Bg7 49. Qf3 Qe5 50. Rd2 Ke8 51. Rdf2 Rb7 52. Qd1 Ke7 53. Qd2 Rd7 54. Qxa5 Qxe4 55. Qb6 Be5 56. c5 dxc5 57. Qxc5+ Bd6 58. Nxd6 Rxd6 59. Qc7+ Rd7 60. Rxf7+ Rxf7 61. Rxf7+ Kxf7 62. Qxd7+ Kg6 63. Qd2 h5 64. Qf2 e5 65. Kh2 Qb4 66. Qc2+ Kf6 67. Qc6+ Kf5 68. g4+ hxg4 69. hxg4+ Kxg4 70. Qa4 Qxa4 71. bxa4 Kf3 72. Kg1 Ke4 73. a5 1-0

[Event "Oasis op"]
[Site "Montreal CAN"]
[Date "2011.02.27"]
[Round "4"]
[White "Bouchard, Jean-Marc"]
[Black "Lemieux, Serge"]
[Result "0-1"]
[WhiteElo "1903"]
[BlackElo "1554"]
[PlyCount "46"]
[GameId "2160767909795793"]
[EventDate "2011.02.25"]
[EventType "swiss"]
[EventRounds "5"]
[EventCountry "CAN"]
[SourceTitle "EXT 2013"]
[Source "ChessBase"]
[SourceDate "2012.11.22"]
[SourceVersion "1"]
[SourceVersionDate "2012.11.22"]
[SourceQuality "1"]

1. e4 e6 2. d4 d5 3. e5 c5 4. c3 Nc6 5. f4 Nh6 6. Nf3 Qb6 7. Bd3 Bd7 8. dxc5 Bxc5 9. Qe2 a5 10. h3 Nf5 11. Bxf5 exf5 12. Nbd2 a4 13. Nf1 d4 14. cxd4 Nxd4 15. Nxd4 Bxd4 16. Ne3 Be6 17. O-O a3 18. Rf2 axb2 19. Qxb2 Bxb2 20. Rxb2 Qd4 21. a3 O-O 22. Rab1 Rfc8 23. Bd2 Rxa3 0-1

[Event "Oasis op"]
[Site "Montreal CAN"]
[Date "2011.02.27"]
[Round "4"]
[White "Brucker, Buck"]
[Black "Dumont, Felix"]
[Result "1/2-1/2"]
[WhiteElo "2158"]
[BlackElo "1998"]
[PlyCount "56"]
[GameId "2160767909795794"]
[EventDate "2011.02.25"]
[EventType "swiss"]
[EventRounds "5"]
[EventCountry "CAN"]
[SourceTitle "EXT 2013"]
[Source "ChessBase"]
[SourceDate "2012.11.22"]
[SourceVersion "1"]
[SourceVersionDate "2012.11.22"]
[SourceQuality "1"]

1. d4 Nf6 2. Bf4 g6 3. Nc3 Bg7 4. e4 d6 5. Qd2 O-O 6. O-O-O Nbd7 7. f3 c5 8. d5 a6 9. Bh6 b5 10. h4 Qa5 11. h5 b4 12. Bxg7 Kxg7 13. hxg6 fxg6 14. Qh6+ Kg8 15. Nb1 Nb6 16. e5 dxe5 17. d6 Rf7 18. dxe7 Bd7 19. Rd6 b3 20. axb3 Qe1+ 21. Rd1 Qg3 22. Ne2 Qf2 23. Nbc3 Rxe7 24. Rd6 Nbd5 25. Nd1 Qe1 26. c4 Nb4 27. Rxf6 Nd3+ 28. Kc2 Nb4+ 1/2-1/2

[Event "Oasis op"]
[Site "Montreal CAN"]
[Date "2011.02.27"]
[Round "4"]
[White "Carrier, Claude"]
[Black "Gauthier, Jeremie"]
[Result "1-0"]
[WhiteElo "1937"]
[BlackElo "1271"]
[PlyCount "73"]
[GameId "2160767909795795"]
[EventDate "2011.02.25"]
[EventType "swiss"]
[EventRounds "5"]
[EventCountry "CAN"]
[SourceTitle "EXT 2013"]
[Source "ChessBase"]
[SourceDate "2012.11.22"]
[SourceVersion "1"]
[SourceVersionDate "2012.11.22"]
[SourceQuality "1"]

1. e4 c5 2. Nf3 d6 3. d4 cxd4 4. Nxd4 Nf6 5. Nc3 a6 6. Be3 e6 7. f3 Be7 8. Qd2 O-O 9. O-O-O b5 10. Bd3 Nbd7 11. Nc6 Qe8 12. a3 Bb7 13. Nxe7+ Qxe7 14. g4 Ne5 15. g5 Nfd7 16. Be2 Nc4 17. Bxc4 bxc4 18. Qxd6 Qxd6 19. Rxd6 Ne5 20. Rb6 Bc8 21. f4 Ng6 22. Rb4 Rd8 23. Rd1 Rxd1+ 24. Kxd1 e5 25. f5 Ne7 26. Rxc4 Kf8 27. Bc5 Ke8 28. Bxe7 Kxe7 29. Nd5+ Kd8 30. Nb6 Rb8 31. Rxc8+ Rxc8 32. Nxc8 Kxc8 33. b4 Kd7 34. h4 Kc6 35. h5 Kb5 36. g6 hxg6 37. f6 1-0

[Event "Oasis op"]
[Site "Montreal CAN"]
[Date "2011.02.27"]
[Round "4"]
[White "Desjardins, Michel"]
[Black "Lalumiere, Claude"]
[Result "1-0"]
[WhiteElo "1935"]
[BlackElo "1985"]
[PlyCount "123"]
[GameId "2160767909795798"]
[EventDate "2011.02.25"]
[EventType "swiss"]
[EventRounds "5"]
[EventCountry "CAN"]
[SourceTitle "EXT 2013"]
[Source "ChessBase"]
[SourceDate "2012.11.22"]
[SourceVersion "1"]
[SourceVersionDate "2012.11.22"]
[SourceQuality "1"]

1. e4 c5 2. Nc3 Nc6 3. g3 g6 4. Bg2 Bg7 5. d3 d6 6. Be3 e6 7. Qd2 a6 8. f4 Nge7 9. Nf3 Rb8 10. d4 cxd4 11. Nxd4 O-O 12. O-O Qc7 13. Kh1 Na5 14. b3 b5 15. Rad1 Rd8 16. Nce2 Nb7 17. Rc1 d5 18. e5 Na5 19. c3 Bb7 20. Bh3 Nf5 21. Bxf5 gxf5 22. h3 Nc6 23. Kg1 Ne7 24. Kf2 Ng6 25. g4 fxg4 26. hxg4 Qe7 27. Rh1 f6 28. exf6 Bxf6 29. g5 Bh8 30. Ng3 Rf8 31. Ke1 Rbe8 32. Kd1 Qd7 33. Kc2 e5 34. fxe5 Bxe5 35. Nh5 Qe7 36. Rce1 Qc7 37. Kb2 Qd6 38. Ref1 Rc8 39. Rxf8+ Rxf8 40. Re1 Qd7 41. Re2 Kh8 42. Rf2 Rc8 43. Nf6 Qc7 44. Ng4 Bg7 45. Nh6 Ne5 46. Bf4 Re8 47. Ndf5 Qxc3+ 48. Qxc3 Nd3+ 49. Kc2 Bxc3 50. Kxd3 Ba1 51. Nf7+ Kg8 52. N5d6 Re7 53. Nh6+ Kh8 54. Nxb7 Rxb7 55. Re2 Kg7 56. Re6 a5 57. Nf5+ Kf8 58. Nd6 Rc7 59. Nxb5 Rf7 60. Bd6+ Kg7 61. Be5+ Bxe5 62. Rxe5 1-0

[Event "Oasis op"]
[Site "Montreal CAN"]
[Date "2011.02.27"]
[Round "4"]
[White "Gagnon, Serge"]
[Black "Cote-Lalumiere, Tristan"]
[Result "1/2-1/2"]
[WhiteElo "2061"]
[BlackElo "1851"]
[PlyCount "44"]
[GameId "2160767909795799"]
[EventDate "2011.02.25"]
[EventType "swiss"]
[EventRounds "5"]
[EventCountry "CAN"]
[SourceTitle "EXT 2013"]
[Source "ChessBase"]
[SourceDate "2012.11.22"]
[SourceVersion "1"]
[SourceVersionDate "2012.11.22"]
[SourceQuality "1"]

1. d4 Nf6 2. c4 c5 3. d5 b5 4. cxb5 a6 5. bxa6 Bxa6 6. Nc3 d6 7. Nf3 g6 8. Nd2 Bg7 9. e4 Bxf1 10. Nxf1 O-O 11. Ne3 Na6 12. O-O Qc7 13. Re1 Rfb8 14. Nc4 Nd7 15. Re2 Rb4 16. Qd3 Nb6 17. b3 Nxc4 18. bxc4 Qa5 19. Bd2 Rb2 20. Be1 Rxe2 21. Nxe2 Nb4 22. Bxb4 Qxb4 1/2-1/2

[Event "Oasis op"]
[Site "Montreal CAN"]
[Date "2011.02.27"]
[Round "4"]
[White "Giroux, Robert"]
[Black "He, Shao Hang"]
[Result "1-0"]
[WhiteElo "1981"]
[BlackElo "1579"]
[PlyCount "131"]
[GameId "2160767909795800"]
[EventDate "2011.02.25"]
[EventType "swiss"]
[EventRounds "5"]
[EventCountry "CAN"]
[SourceTitle "EXT 2013"]
[Source "ChessBase"]
[SourceDate "2012.11.22"]
[SourceVersion "1"]
[SourceVersionDate "2012.11.22"]
[SourceQuality "1"]

1. c4 e6 2. g3 Nf6 3. Nf3 d5 4. Bg2 c6 5. Qc2 Be7 6. b3 Nbd7 7. Bb2 b6 8. O-O Bb7 9. d4 O-O 10. Nc3 Rc8 11. e4 dxe4 12. Nxe4 Nxe4 13. Qxe4 Nf6 14. Qe2 c5 15. Rad1 Qc7 16. Rfe1 cxd4 17. Bxd4 Bb4 18. Rf1 Qe7 19. Ne5 Bxg2 20. Kxg2 Rfd8 21. Qf3 Rd6 22. Bb2 Nd7 23. Rxd6 Nxe5 24. Bxe5 Bxd6 25. Bxd6 Qxd6 26. Rd1 Qc7 27. Qd3 g6 28. Qd4 Qe7 29. Qd7 Rc7 30. Qxe7 Rxe7 31. Rd8+ Kg7 32. Kf3 h5 33. Ke4 Kf6 34. f4 Rc7 35. Rd2 a6 36. Rd6 b5 37. Kd4 bxc4 38. bxc4 Ra7 39. Kc5 Rc7+ 40. Rc6 Rb7 41. Rxa6 Rb2 42. h4 Rg2 43. Ra3 Ke7 44. Kd4 Kd8 45. c5 Rd2+ 46. Kc4 Rc2+ 47. Kb5 Rb2+ 48. Kc6 Ke7 49. Kc7 f6 50. c6 e5 51. fxe5 fxe5 52. Kc8 e4 53. c7 Rb4 54. Ra5 Rc4 55. Kb7 Rb4+ 56. Kc6 Rc4+ 57. Rc5 Rxc5+ 58. Kxc5 Kd7 59. c8=Q+ Kxc8 60. Kd4 e3 61. Kxe3 Kc7 62. Kf4 Kd6 63. a4 Kc5 64. a5 Kb5 65. a6 Kxa6 66. Kg5 1-0